000 01583cam a2200265 4500
001 ABS66373
008 030131n2002 000 0 eng u
035 _a(Sirsi) u121197
100 _aHickman, R.
245 _aPlanning in the Scottish Development Department: a retrospective
260 _c2002
490 _aScottish Planning and Environmental Law
_v(94) December 2002, 133-135(3)
520 _aReviews the planning activities of the Scottish Development Department over a 30-year period, and highlights major patterns of change. Suggests that the Town and Country Planning (Scotland) Act 1969 and the announcement of the Montrose oil field were two key influences on the planning work of the department. Continues by expanding on these and other major issues affecting the work of professional planners during this period: the 'new' development plan system, the response to the pressures for on-shore, oil-related development, the creation and growing influence of the Inquiry Reporters Unit, and the emergence and growing significance of the National Planning Policy Guidelines (NPPG) and Planning Advice Notes (PAN).
590 _aABS
650 _aSCOTLAND
650 _aSCOTTISH DEVELOPMENT DEPARTMENT
650 _aLOCAL DEVELOPMENT PLANS
650 _aSCOTTISH EXECUTIVE INQUIRY REPORTERS UNIT
650 _aOIL FIELDS
650 _aTOWN AND COUNTRY PLANNING (SCOTLAND) ACT 1969
650 _aPLANNING ADVICE NOTES
650 _aNATIONAL PLANNING POLICY GUIDANCE
690 _aENVIRONMENTAL AND LAND CONSULTANCY-PLANNING AND DEVELOPMENT
942 _n0
999 _c72022
_d72022